| 000 | 00660nam a2200241Ia 4500 | ||
|---|---|---|---|
| 008 | 160319s9999 xx 000 0 und d | ||
| 245 | _aAlphabet and letter sounds / | ||
| 245 | _cTLC Music. | ||
| 260 | _bTLC MUSIC | ||
| 260 | _c2008 | ||
| 300 | _a1 audio disc : | ||
| 300 | _bsound., color ; | ||
| 300 | _c4 3/4 in. | ||
| 440 | _aLet's start smart : learning to read series. | ||
| 500 | _a"TLCD001"--Container. | ||
| 650 | _aAlphabet -- | ||
| 650 | _aAlphabet -- | ||
| 650 | _aReading -- | ||
| 650 | _xAudio-visual aids. | ||
| 650 | _xJuvenile literature. | ||
| 650 | _xJuvenile literature. | ||
| 700 | _aTLC Music (Firm), Corporate. | ||
| 999 |
_c292444 _d292444 |
||